Toxic metals in the atmosphere
Αποθηκεύτηκε σε:
| Άλλοι συγγραφείς: | , |
|---|---|
| Μορφή: | Βιβλίο |
| Γλώσσα: | English |
| Δημοσίευση: |
New York :
Wiley,
c1986
|
| Σειρά: | Advances in environmental science and technology ;
; 17 |
| Θέματα: | |
| Ετικέτες: |
Προσθήκη ετικέτας
Δεν υπάρχουν, Καταχωρήστε ετικέτα πρώτοι!
|
MARC
| LEADER | 00000pam a2200000 i 4500 | ||
|---|---|---|---|
| 001 | 1/87300 | ||
| 008 | 970410s1986 eng d | ||
| 020 | |a 0-471-82654-5 | ||
| 035 | |l 10006685 | ||
| 040 | |a GR-MY-UA |b gre |e aacr | ||
| 041 | 0 | |a eng | |
| 082 | 0 | |a 628.53 | |
| 245 | 1 | 0 | |a Toxic metals in the atmosphere / |c Edited by Jerome O. Nriagu; Cliff I. Davidson |
| 260 | |a New York : |b Wiley, |c c1986 | ||
| 300 | |a xii, 635 p.; |b ill.; |c 24 cm | ||
| 490 | 1 | |a Advances in environmental science and technology |v ; 17 | |
| 504 | |a Includes bibliographical references and index | ||
| 650 | 0 | 0 | |a Metals |x Environmental aspects. |
| 650 | 0 | 0 | |a Metals |x Toxicology. |
| 650 | 0 | 0 | |a Trace elements |x Environmental aspects. |
| 700 | 1 | |a Nriagu, Jerome O. |4 edt | |
| 700 | 1 | |a Davidson, Cliff I. |4 edt | |
| 830 | 0 | |a Advances in environmental science and technology ; |v ; 17 | |
| 852 | |a INST |b LESVOS |e 19970410 |h 628.53 TOX |p 005100011622 |q 005100011622 |t BK |y 0 | ||
| 909 | |a Λ |b 010023 | ||